Iluminación interna

Bibliographic Details
Main Author: Re Vitorio
Format: Section = Libro
Language:Undetermined
Spanish
Published: Barcelona Marcombo-Boixareu 1979
Subjects:
LEADER 00453nam a2200181Ia 4500
008 240829s9999 xx 000 0 und d
020 |a 84-267-0362-3 
040 |a BIBLIOTECA-RUSB/ 621.3225 R281 
041 |a spa 
082 |a 621.3225 R281 
100 1 |a Re Vitorio 
245 1 0 |a Iluminación interna 
260 |a Barcelona  |b Marcombo-Boixareu  |c 1979 
300 |a 119 p. :il. 
650 7 |a ALUMBRADO ELECTRICO 
942 |c BK  |2 ddc 
991 |a TEXTO 
999 |c 3227